000 01125nam a2200301 a 4500
001 ASIN0748622624
005 20170105102843.0
008 130805s2006 xxu eng d
020 _a0748622624 (paperback)
_c$22.50
020 _a9780748622627 (paperback)
040 _a0
050 0 4 _aKD4080
082 0 4 _a342.41085
100 1 _aFoster, Steven.
245 1 4 _aThe judiciary, civil liberties and human rights /
_cSteven Foster.
260 _a[S.l.] :
_bEdinburgh University Press,
_c2006.
300 _a248 p. ;
_c22 cm.
490 1 _aPolitics study guides.
520 _aThis book considers the constitutional position of the judiciary and its role in shaping the individual's relations with the state. This textbook provides an important, accessible introduction to an area of current widespread concern.
650 0 _aCivil rights
650 0 _aCourts
650 0 _aGreat Britain
650 0 _aHuman rights
650 0 _aJustice, Administration of
830 0 _aPolitics study guides.
856 4 0 _3Amazon.com
_uhttp://www.amazon.com/exec/obidos/ASIN/0748622624/chopaconline-20
942 _2ddc
_cBK
999 _c13968
_d13968